Eficiencia en el uso de la energía eléctrica (Registro nro. 9741)
[ vista simple ]
| 000 -CABECERA | |
|---|---|
| campo de control de longitud fija | 00995nam a22003257a 4500 |
| 005 - FECHA Y HORA DE ACTUALIZACIÓN | |
| campo de control | 20170817174636.0 |
| 008 - LONGITUD FIJA | |
| campo de control de longitud fija | 170817b xxu||||| |||| 00| 0 spa d |
| 020 ## - INTERNATIONAL STANDARD BOOK NUMBER | |
| Número Internacional Estándar del Libro | 9786077073963 |
| 041 ## - IDIOMA | |
| Código de idioma del texto/pista de sonido o título separado | |
| 082 ## - CLASIFICACIÓN DECIMAL DEWEY | |
| Número de clasificación | 621.319.24 B174e |
| 100 ## - AUTOR PERSONAL | |
| Nombre de persona | Balcells, Josep |
| 245 ## - TÍTULO PROPIAMENTE DICHO | |
| Título | Eficiencia en el uso de la energía eléctrica |
| 260 ## - PIE DE IMPRENTA | |
| Lugar de publicación, distribución, etc. | México |
| 260 ## - PIE DE IMPRENTA | |
| Nombre del editor, distribuidor, etc. | Alfaomega |
| 260 ## - PIE DE IMPRENTA | |
| Fecha de publicación, distribución, etc. | 2011 |
| 300 ## - DESCRIPCIÓN FÍSICA | |
| Extensión | 396 páginas |
| 650 ## - Materia General | |
| Materia general | ELECTRICIDAD |
| 650 ## - Materia General | |
| Materia general | ENERGÍA ELÉCTRICA |
| 650 ## - Materia General | |
| Materia general | CIRCUITOS DE CA |
| 650 ## - Materia General | |
| Materia general | COMPENSACIÓN DE POTENCIAS |
| 650 ## - Materia General | |
| Materia general | PERTURBACIONES EN LA RED |
| 650 ## - Materia General | |
| Materia general | REGISTRO DE MAGNITUDES ELÉCTRICAS |
| 650 ## - Materia General | |
| Materia general | MEDIDA DE ENERGÍA |
| 650 ## - Materia General | |
| Materia general | CALIDAD DEL SUMINISTRO |
| 650 ## - Materia General | |
| Materia general | HERRAMIENTAS DE MEDIDA |
| 650 ## - Materia General | |
| Materia general | ANÁLISIS DE LA RED ELÉCTRICA |
| 650 ## - Materia General | |
| Materia general | SEGURIDAD DE LA RED |
| 650 ## - Materia General | |
| Materia general | CONVERTIDORES ESTÁTICOS |
| 942 ## - Punto de Acceso Adicional Koha | |
| Tipo de ítem Koha | Libro |
| Estado perdido | Estado dañado | No para préstamo | Biblioteca permanente | Biblioteca actual | Signatura completa | Código de barras | Precio efectivo a partir del | Tipo de ítem |
|---|---|---|---|---|---|---|---|---|
| Departamento de Biblioteca y Documentación Alfonso Chase Brenes | Departamento de Biblioteca y Documentación Alfonso Chase Brenes | 621.319.24 B174e | 22547 | 17/08/2017 | Libro |